LEADER 01641nam a2200337 a 4500 001 000000150563 003 CaOOAMICUS 005 20160408090334.0 008 160317s2016 it u000 u ita r 020 $a978-88-465-1066-2* 032 $aLibriCat 040 $aPUL$bita 100 1 $aDi Bernardo, Elena.$0(OLS)http://pul/name/49987 245 10$aModelli processuali e diritto probatorio civile :$belementi di common law, civil law e di diritto canonico /$cElena Di Bernardo. 260 $aCittą del Vaticano :$bLateran University Press,$c©2016. 300 $a259 p. ;$c24 cm. 490 1 $aUtrumque ius ;$v34 504 $aBibliografia in nota. 650 4$aProva (diritto).$0(OLS)http://pul/subject/18725 650 4$aDiritto processuale comparato.$0(OLS)http://pul/subject/26507 650 4$aCommon Law.$0(OLS)http://pul/subject/29717 650 0$aCivil law.$2//eng$0(OLS)http://pul/subject/10692 650 04$aDiritto processuale canonico.$0(OLS)http://pul/subject/29586 830 0$aUtrumque ius ;$v34.$0(OLS)http://pul/title/2556 850 $aPUL 852 $aPUL$W1$xSL Diritto e Scienze Sociali 3$y79$m300 A 12.34$j173077$qDDC 21$B175102$CPULBib$Z2$F175102 $H127490 $82 960 $aDiritto canonico processuale$929586 996 $6020$a978-88-465-1066-2*$9(OLS)http://pul/number/160076 996 $6245$aModelli processuali e diritto probatorio civile :$belementi di common law, civil law e di diritto canonico$9(OLS)http://pul/title/189711 996 $6260$aCittą del Vaticano :$bLateran University Press$9(OLS)http://pul/publisher/74585 LEADER 01610nam a2200361 a 4500 001 000000140333 003 CaOOAMICUS 005 20141105132455.0 008 141105s2004 it u000 u ita r 020 $a88-343-5023-5 040 $aPUL$bita 100 1 $aPetagine, Antonio.$0(OLS)http://pul/name/66067 245 10$aAristotelismo difficile :$bl'intelletto umano nella prospettiva di Alberto Magno, Tommaso d'Aquino e Sigieri di Brabante /$cAntonio Petagine. 260 $aMilano :$bV&P,$c©2004. 300 $aIX, 318 p. ;$c22 cm 490 1 $aFilosofia. Ricerche 490 1 $aVita e pensiero. Universitą 504 $aBibliografia p. [299]-318. 650 4$aAristotelismo.$0(OLS)http://pul/subject/20799 830 0$aUniversitą (Vita e Pensiero).$0(OLS)http://pul/title/154439 830 0$aRicerche (Vita e pensiero). $pFilosofia.$0(OLS)http://pul/title/132743 850 $aPUL 852 $aPUL$W1$xDP1 Cons. Gen., Altre Classi 1$y22$m389 B 5$j162155$qStampati$q $B161634$CPULBib$Z2$F161634 $H124942 $81 941 1 $a8 960 $aFilosofia aristotelica$920799 983 0$aFilosofia. Ricerche (Vita e Pensiero) 983 0$aV & P. Filosofia. Ricerche. 983 0$aVita e pensiero.$pUniversitą. 983 0$aV & P. Universitą. 996 $6020$a88-343-5023-5 $9(OLS)http://pul/number/156290 996 $6245$aAristotelismo difficile :$bl'intelletto umano nella prospettiva di Alberto Magno, Tommaso d'Aquino e Sigieri di Brabante$9(OLS)http://pul/title/177633 996 $6260$aMilano :$bV&P$9(OLS)http://pul/publisher/78336